[Event "United Insurance 4th"]
[Site "Dhaka"]
[Date "1999.02.25"]
[Round "7"]
[White "Murshed, Niaz"]
[Black "Wojtkiewicz, Aleksander"]
[Result "0-1"]
[WhiteElo "2470"]
[BlackElo "2570"]
[Annotator "Ribli,Z"]
[PlyCount "77"]
[EventDate "1999.02.19"]
[EventType "tourn"]
[EventRounds "13"]
[EventCountry "BAN"]
[EventCategory "10"]
[SourceTitle "CBM 070"]
[Source "ChessBase"]
[SourceDate "1999.06.08"]
[SourceVersion "1"]
[SourceVersionDate "1999.06.08"]
[SourceQuality "1"]

{[%mdl 4128]} 1. d4 g6 2. c4 Bg7 3. Nc3 d6 4. e4 e5 {Wenn Schwarz nicht die
Königsindische Verteidigung (4...Nf6) spielen möchte, dann ist das meines
Erachtens die beste Möglichkeit. Ribli.} 5. Nf3 exd4 6. Nxd4 Ne7 7. Bg5 {
Weiß provoziert den Zug ...h6. 7.Be3 wird häufiger gespielt.} h6 (7... O-O 8.
Qd2 (8. Be2 Nbc6 9. Nxc6 bxc6 10. Qd2 Be6 11. O-O Rb8 12. Rad1 c5 13. f4 $14 {
Portisch,L-Azmayparashvili,Z/Amsterdam 1990/Inf 50 (13)}) (8. Nd5 f6 9. Be3 c6
10. Nc3 f5 11. exf5 Nxf5 12. Nxf5 Bxf5 13. Bd3 Na6 14. Bxf5 Rxf5 15. O-O Nc5
16. Qd2 Qh4 {1/2-1/2 Kuenitz,K-Reschke,T/Germany 1997/EXT 99 (46)}) 8... Nbc6
9. Nxc6 bxc6 10. Bd3 Be6 11. O-O Qd7 12. Rfe1 Rae8 13. Rad1 c5 14. Bh6 Bxh6 15.
Qxh6 f5 $13 {Hansen,C-Azmaiparashvili,Z/Wijk aan Zee (open) 1992/Inf 56 (15)})
8. Be3 Nbc6 $5 {Weiß hat dank seiner Bauern e4 und c4 Raumvorteil, aber
Schwarz übt starke Kontrolle über das Zentrumsfeld d4 aus. Dies ist die
Hauptstrategie dieses Systems.} (8... O-O 9. Qd2 Kh7 10. h4 Nbc6 (10... f5 11.
exf5 Nxf5 12. Nxf5 Bxf5 13. h5 g5 14. Bd3 Qd7 15. Bxf5+ Qxf5 16. Nd5 Na6 17.
O-O Rae8 18. Rad1 Qg4 19. f4 c6 20. Nc3 gxf4 21. Bxf4 Qxh5 22. Bxd6 Rxf1+ 23.
Rxf1 Nc5 {0-1 Ibragimov,I-Krasenkow,M/Podolsk 1990/TD (34)}) 11. Be2 f5 12.
exf5 Nxf5 13. Nxf5 Bxf5 14. g4 Be6 15. f4 Qd7 16. h5 Bxg4 17. hxg6+ Kg8 18.
O-O-O {1/2-1/2 Sadler,M-Sokolovs,A/Erevan 1996/EXT 97 (50)}) 9. Be2 (9. Qd2 f5
10. exf5 Nxf5 11. Nxf5 Bxf5 12. Be2 (12. Nd5 $5) 12... Qh4 (12... Qf6 $5) 13.
Nd5 O-O-O 14. g3 $6 (14. O-O $142) 14... Qe4 15. f3 Qc2 16. Qxc2 Bxc2 17. Kd2
Bf5 18. g4 Be6 19. Rab1 Rhe8 $15 {Portisch,L-Ehlvest,J/Biel 1996/Inf 67 (19)})
9... O-O 10. O-O f5 {Das ist die schwarze Gegenchance. Sein Königsflügel ist
ein wenig geschwächt, aber er hat gutes Figurenspiel.} 11. exf5 $6 {Nach
diesem Zug kann Weiß seine Hoffnungen auf Eröffnungsvorteil begraben.} (11.
Nxc6 $5 Nxc6 12. Qd2 Kh7 13. exf5 Bxf5 14. Rad1 $14) (11. Qd2 Bxd4 12. Bxd4 f4
$11 {Das ist ein Unterschied. Mit schwarzem Bauern auf h7 (statt h6) wäre
jetzt der Zug 13.c5 mit der Idee 14.Bc4 stark.}) {[#]} 11... Bxd4 $1 {Ein für
weiß unerwarteter Zug. Schwarz gibt freiwillig seinen Läufer auf, aber es
scheint, daß der weiße Läufer auf d4 Probleme bekommt.} 12. Bxd4 Nxf5 $11 13.
Be3 Nxe3 14. fxe3 {[%csl Re3] Der weiße e3-Bauer ist schwach, aber Weiß sollte
das überstehen.} Be6 (14... Rxf1+ 15. Qxf1 Be6 16. Qf4 Qf8 $11) 15. Qd3 (15.
Qd2 Qg5 16. b3 $11) 15... Kg7 16. Nb5 (16. Rxf8 Qxf8 17. Rf1 Qe7 18. b3 $11)
16... Qe7 17. Qe4 (17. Nd4 Ne5 {[%csl Ge5]}) 17... Rfe8 18. Qf4 a6 19. Nd4 Bd7
{[%csl Re3]} (19... Ne5 20. c5 $5 Rf8 21. Qg3 $11 (21. cxd6 $11)) 20. Nxc6 bxc6
$1 {[%cal Ga8b8,Gb8b2]} (20... Bxc6 21. Rf2 Rf8 22. Qd4+ $11) 21. Kh1 c5 {
[%cal Gd7c6,Gc6h1]} 22. Bd3 {Nach diesem Zug kann Schwarz seine Läuferstellung
verbessern.} Rf8 23. Qg3 {[%cal Rg3g6]} Qg5 24. Qxg5 hxg5 {Es ist interessant,
daß Schwarz trotz seiner zwei Doppelbauern die Initiative besitzt. Der weiße
b-Bauer ist in einigen Varianten schwach.} 25. Rxf8 (25. Kg1) 25... Rxf8 26.
Kg1 Rb8 27. b3 Bf5 {[%csl Gf5]} 28. Rd1 (28. Bxf5 gxf5 $15 {[%csl Gf5,Gg5]}) (
28. e4 Be6 29. Rf1 a5 $36) 28... Kf6 29. h3 Ke5 $15 {[%csl Ge5] Der schwarze
König steht ausgezeichnet auf e5.} 30. Kf2 c6 {In einigen Varianten kann
Schwarz ...d6-d5 ziehen und hat nach cxd5 die Möglichkeit ...cxd5.} 31. Ke2 a5
$1 {Das ist ein typisches Motiv. Der schwarze a-Bauer erstürmt den weißen
Damenflügel.} 32. e4 Be6 (32... Bxe4 $2 33. Bxe4 Kxe4 34. Rxd6 $16) 33. Ke3 a4
34. Rb1 (34. Bc2 axb3 35. Bxb3 Rh8 $15 {[%cal Rh8h4,Rh4e4]}) (34. bxa4 Rb4 {
[%csl Ra2,Ra4,Gb4,Rc4]}) 34... axb3 35. Rxb3 (35. axb3 Ra8 $15 {Der schwarze
Vorteil ist zwar nicht groß, aber Weiß hat kein Gegenspiel.}) 35... Rb4 $1 36.
Rxb4 (36. Rc3 Rb2 {[%cal Rb2a2,Rb2g2]}) (36. Be2 Ra4 $17 {[%csl Ra2,Rc4][%cal
Ra4a2,Re6c4]}) 36... cxb4 $17 {[%csl Ra2,Gb4] Jetzt muß Weiß stets mit dem
Durchbruch ...d6-d5 rechnen, nach dem der a2-Bauer schwach wird.} 37. Bf1 (37.
Be2 d5 38. cxd5 cxd5 39. exd5 Bxd5 $17 {[%cal Rd5a2,Rd5g2]}) 37... g4 (37... d5
38. cxd5 cxd5 39. exd5 Bxd5 $17 {[%csl Ra2][%cal Rd5a2]}) 38. hxg4 (38. h4 $5)
38... Bxg4 39. Bd3 {Und Weiß gab auf. Das Läuferendspiel ist mit vier
weißfeldrigen Bauern kaum haltbar.} (39. Bd3 Be6 40. g3 g5 $22 41. Be2 d5 42.
cxd5 cxd5 43. exd5 Bxd5 $19 {[%csl Ra2][%cal Rd5a2]}) 0-1

[Event "Pamplona 9091 1st"]
[Site "Pamplona"]
[Date "1990.??.??"]
[Round "?"]
[White "Illescas Cordoba, Miguel"]
[Black "Todorcevic, Miodrag"]
[Result "1/2-1/2"]
[WhiteElo "2535"]
[BlackElo "2540"]
[Annotator "Ribli,Z"]
[PlyCount "122"]
[EventDate "1990.12.??"]
[EventType "tourn"]
[EventRounds "9"]
[EventCountry "ESP"]
[EventCategory "12"]
[SourceTitle "CBM 021"]
[Source "ChessBase"]
[SourceDate "1991.04.01"]
[SourceVersion "1"]
[SourceVersionDate "1991.04.01"]
[SourceQuality "1"]

1. d4 g6 2. e4 Bg7 3. c4 d6 4. Nc3 e5 5. Nf3 Nc6 6. Bg5 f6 7. Be3 Nh6 8. dxe5
dxe5 9. Qxd8+ Kxd8 10. O-O-O+ (10. h3 Be6 11. O-O-O+ Kc8 12. g4 Nf7 13. Rg1 $14
{Polgar,Zsu-Azmayparashvili,Z Dortmund-A 1990 CBM/18 49/72}) 10... Bd7 11. h3
Nf7 12. c5 $14 Kc8 13. Bc4 Ncd8 14. Rd3 Be6 15. Nd2 Re8 16. h4 h5 17. Rd1 c6
18. Bxe6+ Nxe6 19. Nc4 Bf8 20. b4 Rd8 21. Rxd8+ Nexd8 22. g3 Ne6 23. f4 Kc7 24.
fxe5 Nxe5 25. Nxe5 fxe5 26. Rf1 Be7 27. Rf7 Kd7 28. Nd5 cxd5 29. exd5 Rf8 30.
Rh7 Rg8 31. Bh6 a5 32. d6 Re8 33. a3 axb4 34. axb4 b6 35. Be3 bxc5 36. bxc5 Nf8
37. Rg7 Ke6 38. Rxe7+ Rxe7 39. dxe7 Kxe7 40. Kd2 Ke6 41. c6 Nh7 (41... Kd6 $2
42. Bc5+ $1 $18) 42. Bc5 Nf6 43. Kd3 Ne8 44. Kc4 e4 45. Kd4 e3 46. Kxe3 Kd5 47.
Bb4 Kxc6 48. Kf4 Nf6 49. Kg5 Ne4+ 50. Kxg6 Nxg3 51. Be1 Ne2 52. Kxh5 Kd7 53.
Bd2 Ke6 54. Kg6 Ng3 55. Bb4 Ne2 56. Bd2 Ng3 57. Bf4 Nf5 58. h5 Ne7+ 59. Kg5 Ng8
60. Bc7 Nf6 61. h6 Kf7 1/2-1/2

[Event "Nordic zt"]
[Site "Ostersund"]
[Date "1992.??.??"]
[Round "3"]
[White "Petursson, Margeir"]
[Black "Hoi, Carsten"]
[Result "1/2-1/2"]
[WhiteElo "2565"]
[BlackElo "2445"]
[Annotator "Ribli,Z"]
[PlyCount "68"]
[EventDate "1992.??.??"]
[EventType "swiss"]
[EventRounds "9"]
[EventCountry "NOR"]
[SourceTitle "CBM 031"]
[Source "ChessBase"]
[SourceDate "1992.12.01"]
[SourceVersion "1"]
[SourceVersionDate "1992.12.01"]
[SourceQuality "1"]

1. c4 g6 2. d4 Bg7 3. Nc3 d6 4. e4 Nc6 5. d5 Nd4 6. Be3 (6. Nge2 $5) 6... c5 7.
Nge2 Qb6 8. Na4 (8. Qd2 $5 Nf6 9. f3 Nd7 10. Rd1 O-O 11. b3 $1 Nxe2 12. Bxe2
Qa5 13. Rc1 a6 14. Bh6 Bxh6 15. Qxh6 b5 16. h4 $36 {Hernandez,Ruiz-Calderin
Colon 1991 53/(65)}) 8... Qa5+ 9. Bd2 Qd8 (9... Qa6 10. Nxd4 Bxd4 11. Nc3 Qb6
12. Bd3 $14 Qxb2 13. Rb1 Qa3 14. Rb3 $16 {Polgar Zsu.}) 10. Nxd4 (10. Bc3 $5 e5
11. dxe6 Nxe6 12. Bxg7 Nxg7 13. Qd2 Nf6 14. f3 Be6 15. Nf4 Qe7 16. O-O-O Rd8
17. Nc3 O-O 18. g4 Nd7 19. h4 Nb6 20. b3 f6 21. Nfd5 $14 {Gelfand,
B-Azmayparashvili,Z Dortmund-A 1990 CBM/18}) 10... Bxd4 11. Bc3 Bxc3+ 12. Nxc3
Nf6 13. Be2 O-O 14. O-O a6 15. f4 Qc7 16. Qd2 Bd7 17. Qe3 b5 18. e5 $14 Ne8 19.
e6 fxe6 20. dxe6 Bc6 21. f5 (21. cxb5 axb5 22. Bxb5 Bxb5 23. Nxb5 Qb7 24. a4
Nf6 25. f5 gxf5 26. Rxf5 Kh8 27. Raf1 $14) 21... gxf5 22. Qg5+ Kh8 23. Bf3 Nf6
24. b3 b4 25. Nd5 Bxd5 26. Bxd5 Rg8 27. Qxf5 Raf8 28. Qd3 Qc8 29. a3 a5 30.
axb4 axb4 31. Ra8 Qc7 32. Ra2 Qc8 33. Ra8 Qc7 34. Ra2 Qc8 1/2-1/2

[Event "Biel SKA"]
[Site "Biel"]
[Date "1996.07.28"]
[Round "6"]
[White "Portisch, Lajos"]
[Black "Ehlvest, Jaan"]
[Result "0-1"]
[WhiteElo "2600"]
[BlackElo "2660"]
[Annotator "Ribli,Z"]
[PlyCount "154"]
[EventDate "1996.07.22"]
[EventType "tourn"]
[EventRounds "11"]
[EventCountry "SUI"]
[EventCategory "16"]
[SourceTitle "CBM 055"]
[Source "ChessBase"]
[SourceDate "1996.12.01"]
[SourceVersion "1"]
[SourceVersionDate "1996.12.01"]
[SourceQuality "1"]

1. d4 g6 2. c4 Bg7 3. e4 d6 4. Nc3 e5 5. Nf3 exd4 6. Nxd4 Ne7 (6... Nc6 7. Be3
Nge7 8. Be2 O-O 9. Qd2 (9. O-O) (9. h4 $5) 9... f5 10. exf5 Nxf5 11. Nxf5 Bxf5
12. O-O Qf6 $6 13. Bf3 $1 Rae8 14. Rfd1 Be6 15. Bxc6 bxc6 16. Bd4 Qxd4 17. Qxd4
Bxd4 18. Rxd4 $14 {Horvath,Cs.-Ruck Paks,1996.}) 7. Bg5 {Ribli. Ich bin nicht
ganz sicher, ob es fuer Weiss von Nutzen ist, den Zug h7-h6 zu provozieren.} (
7. Be3 O-O 8. h4 c5 9. Nb3 Nbc6 10. Qd2 Be6 11. h5 Nc8 12. O-O-O a5 13. Bh6 Bh8
$1 14. Qe3 Qe7 $13 {Epishin,V-Ehlvest,J/Erevan/1996/CBM53/}) 7... h6 (7... O-O
8. Be2 Nbc6 9. Nxc6 bxc6 10. Qd2 Be6 11. O-O Rb8 12. Rad1 c5 13. f4 $14 {
Portisch,L-Azmaiparashvili,Z/Amsterdam OHRA/CBM20/}) 8. Be3 Nbc6 (8... O-O 9.
Qd2 Kh7 10. h4 $36 {Ibragimov,E-Krasenkov,M/URS-chT/1990/}) 9. Qd2 {Ribli.
Diese interessante weisse Zugfolge ist von eigenstaendiger Bedeutung, da jetzt
das normale 9...0-0 nicht geht.} (9. Nxc6 bxc6 10. Qd2 c5 11. Be2 Nc6 12. Bd1
Bd7 13. Ba4 Rb8 14. O-O Nd4 15. Bxd7+ Qxd7 16. b3 Qg4 17. f3 Qc8 18. Rad1 g5
19. Nb5 $36 {Polgar,Zsu-Ermenkov,E/Baden Baden/1985/}) 9... f5 10. exf5 Nxf5
11. Nxf5 Bxf5 12. Be2 Qh4 $1 $13 {Ribli.Schwarz hat einige Schwachpunkte und
strukturelle Schwaechen, zugleich aber lebhaftes Figurenspiel.} 13. Nd5 O-O-O
14. g3 (14. Rd1) 14... Qe4 15. f3 Qc2 $1 16. Qxc2 Bxc2 17. Kd2 Bf5 $15 {
Ribli.Schwarz hat nicht nur zwei sehr gute Laeufer, auch sein Koenig befindet
sich in groesserer Sicherheit als sein Kollege auf d2.} 18. g4 {Ribli.Kein
Angriffszug. Weiss bereitet 19.Rab1 vor.} Be6 19. Rab1 Rhe8 20. Rhf1 (20. b3
Nd4 21. Rhe1) (20. b4 Nd4 21. Rhe1 c6) (20. Rhe1 $5) 20... Bf7 21. b4 $6 {
Ribli. Es ist verstaendlich, dass Weiss aktiv spielen will, aber mit diesem
Zug oeffnet er, glaube ich, einen zu breiten Kriegsschauplatz.} Ne7 22. Nxe7+ (
22. Bxa7 Nxd5 23. cxd5 Bxd5) 22... Rxe7 23. Bd3 c5 $1 (23... Bc3+ 24. Kxc3 Rxe3
25. Rbe1 Rde8 26. Rxe3 Rxe3 27. Kd4 $10) 24. Rfc1 b6 25. Bf2 Be5 26. Bg3 cxb4
27. Bxe5 (27. Rxb4) 27... dxe5 28. Ke3 (28. Rxb4 e4 (28... Red7 29. Rc3 Rd4)
29. fxe4 Rxe4 30. h3 g5) 28... Red7 29. Be4 Rc7 30. Rxb4 Rd4 31. f4 (31. Rb5 $5
Rdxc4 (31... Bxc4 32. Rxe5 Rd6 33. f4) 32. Rxc4 Bxc4 33. Rxe5 g5 34. Bd5) 31...
Rdxc4 32. Rcxc4 Rxc4 33. Rxc4+ Bxc4 34. a3 (34. fxe5 g5 35. a3) (34. Bxg6 $5
exf4+ 35. Kxf4 Bxa2 {Ribli. Meiner Meinung nach bietet das bessere
Remisaussichten fuer Weiss, da Weiss in einem guenstigen Moment, wenn der
schwarze h6-Bauer getauscht ist, seinen Laeufer fuer den schwarzen b-Bauern
opfern kann - der a-Bauer mit dem weissfeldrigen Laeufer kann nicht gewinnen.})
34... g5 35. fxe5 Kd7 {Ribli.Das Endspiel ist klar besser fuer Schwarz, er
kann sich einen entfernten Freibauern machen, und Weiss hat immer Probleme mit
dem e5-Bauern.} 36. Kd4 Be2 37. Bf5+ Ke7 38. Kd5 Bf3+ 39. Kc4 Bc6 40. Bc2 Kd7
41. Bf5+ Kc7 42. Kd4 Bg2 {Ribli.Jetzt droht 43...Bh3 und 44...h5.} 43. Bd3 Bf3
44. Bf5 Kc6 45. Be6 (45. Be4+ $2 Bxe4 46. Kxe4 b5 47. Kf5 Kd7 48. Kf6 Ke8 49.
Ke6 a5 50. Kd5 Ke7 51. Kc5 b4 52. axb4 axb4 53. Kxb4 Ke6 54. Kc4 Kxe5 55. Kd3
Kf4 56. h3 Kg3 57. Ke4 Kxh3 $19) 45... a5 46. Kc4 Bh1 47. Kd4 Bg2 48. Bf7 Bf3
49. Be6 (49. Be8+ $2 Kc7 $19) 49... b5 $1 50. Bc8 Bd5 51. Bf5 (51. Bb7+ $2 Kxb7
52. Kxd5 b4 53. axb4 axb4 54. Kc4 Kc6 55. Kxb4 Kd5 56. Kc3 (56. e6 Kxe6 57. Kc4
Ke5 58. Kd3 Kf4 $19) 56... Kxe5 57. Kd3 Kf4 $19) 51... b4 52. axb4 (52. a4 $2
Bf3 53. Be6 Bd1) 52... axb4 53. Bc8 Ba2 54. Bf5 Bd5 55. Bc8 Bb3 56. Bf5 Bg8 57.
Bc8 b3 58. Bf5 Bd5 59. Kc3 Kc7 60. Kd4 Kc6 61. Kc3 Bg8 62. Kd4 Kc7 63. Kc3 Kd8
64. Be4 Ke7 65. Bd3 Be6 66. Be2 (66. Bf5 Bxf5 $1 67. gxf5 h5 68. Kxb3 g4 69.
Kc3 h4 70. Kd3 g3 71. hxg3 h3 $19) 66... Bf7 67. Bb5 (67. Bd1 Bd5 {Ribli.
Nebst 68...Ke6.}) 67... Bd5 68. Bd3 Kd7 69. Bf5+ Be6 70. Bd3 Kc6 71. Be2 Kc5
72. Bd1 Bf7 73. Be2 Bg8 74. Bd3 Be6 75. Be2 Kc6 76. Kd4 $4 (76. Bf3+ Bd5 (76...
Kb5 77. Be2+ Ka4 78. Kb2 Kb4)) 76... b2 77. Bd3 Ba2 {Ribli.Das war ein sehr
interessantes Laeuferendspiel.} 0-1

[Event "Balkaniad"]
[Site "Kavala"]
[Date "1990.??.??"]
[Round "4"]
[White "Velikov, Petar"]
[Black "Strikovic, Aleksa"]
[Result "1/2-1/2"]
[WhiteElo "2495"]
[BlackElo "2510"]
[Annotator "Ribli,Z"]
[PlyCount "23"]
[EventDate "1990.10.??"]
[EventType "team"]
[EventRounds "6"]
[EventCountry "GRE"]
[SourceTitle "CBM 021"]
[Source "ChessBase"]
[SourceDate "1991.04.01"]
[SourceVersion "1"]
[SourceVersionDate "1991.04.01"]
[SourceQuality "1"]

1. Nf3 g6 2. d4 Bg7 3. g3 d6 4. Bg2 Nd7 5. O-O e5 6. c4 Ne7 7. Nc3 O-O 8. e4 {
-> A 41} exd4 9. Nxd4 Nc6 10. Nde2 (10. Nxc6 $5 bxc6 11. Qc2 Ne5 12. b3 c5 13.
Bb2 $14 {Csom,I-Azmayparashvili,Z Erevan 1989 CBM/14}) 10... Nc5 (10... Nde5
11. b3 f5 12. f4 Nf7 13. Bb2 $14 {Damljanovic,B-Smyslov,V Manila izt 1990 CBM/
19}) 11. Be3 a5 $5 (11... f5 12. exf5 Bxf5 13. Qd2 a5 14. Rad1 a4 15. Nd4 Nxd4
16. Bxd4 Bxd4 17. Qxd4 Qf6 18. Nb5 $14 {Nikolic,Pr-Damljanovic,B Manila izt
1990 CBM/19}) 12. Rb1 1/2-1/2

[Event "Kerteminde"]
[Site "Kerteminde"]
[Date "1991.??.??"]
[Round "6"]
[White "Hansen, Curt"]
[Black "Berg, Klaus"]
[Result "1/2-1/2"]
[WhiteElo "2565"]
[BlackElo "2420"]
[Annotator "Ribli,Z"]
[PlyCount "69"]
[EventDate "1991.02.??"]
[EventType "tourn"]
[EventRounds "9"]
[EventCountry "DEN"]
[EventCategory "10"]
[SourceTitle "CBM 023"]
[Source "ChessBase"]
[SourceDate "1991.08.01"]
[SourceVersion "1"]
[SourceVersionDate "1991.08.01"]
[SourceQuality "1"]

1. d4 d6 2. e4 g6 3. c4 Bg7 4. Nc3 e5 5. d5 f5 6. exf5 gxf5 7. Qh5+ Kf8 8. Bd3
(8. Nf3 $5 Nf6 9. Qh4 $13) 8... Nf6 9. Qd1 Qe8 10. Nh3 Na6 11. O-O f4 12. Ng5
Nc5 13. Re1 Nxd3 14. Qxd3 Qg6 15. Qxg6 hxg6 16. f3 Rh5 17. Nge4 Nxe4 18. Nxe4
Bf5 19. Bd2 Kf7 20. Rac1 b6 21. b4 Bf8 22. Rc3 Be7 23. Ra3 Rhh8 24. Nc3 Rhc8
25. Rc1 c6 26. dxc6 Rxc6 27. Nd5 Be6 28. Kf2 Rac8 29. Nxe7 Kxe7 30. Rxa7+ R8c7
31. Rxc7+ Rxc7 32. c5 bxc5 33. a4 Ra7 34. bxc5 Rxa4 35. cxd6+ 1/2-1/2

[Event "Altensteig"]
[Site "Altensteig"]
[Date "1990.??.??"]
[Round "2"]
[White "Chernin, Alexander"]
[Black "Stangl, Markus"]
[Result "1/2-1/2"]
[WhiteElo "2600"]
[BlackElo "2435"]
[Annotator "Ribli,Z"]
[PlyCount "72"]
[EventDate "1990.07.??"]
[EventType "tourn"]
[EventRounds "11"]
[EventCountry "GER"]
[EventCategory "9"]
[SourceTitle "CBM 020"]
[Source "ChessBase"]
[SourceDate "1991.02.01"]
[SourceVersion "1"]
[SourceVersionDate "1991.02.01"]
[SourceQuality "1"]

1. c4 g6 2. Nc3 Bg7 3. d4 d6 4. e4 Nc6 5. Nge2 e5 6. Be3 Nh6 7. d5 Ne7 8. h3 (
8. f3 f5 9. Qd2 Nf7 10. g3 {Lutz,C-Hort,V Deutschland Cup 1989 CBM/16}) 8... f5
9. g3 O-O 10. Qd2 Nf7 11. Bg2 a6 12. a3 Bd7 13. b4 Qc8 14. c5 a5 15. Rc1 axb4
16. axb4 Kh8 17. h4 Qd8 18. h5 gxh5 19. Rxh5 Ng8 20. Rh1 Nf6 21. Qc2 fxe4 22.
Bxe4 Nxe4 23. Qxe4 h6 24. Qg6 Kg8 25. Ne4 (25. Bxh6 Nxh6 26. Rxh6 Bf5) 25...
Be8 26. Qg4 Bd7 27. Qh5 Be8 28. Qg4 Bd7 29. Qh5 Be8 30. N2c3 Ra3 31. Qg4 Bd7
32. Qh5 Be8 33. Qe2 Bd7 34. Qh5 Be8 35. Qg4 Bd7 36. Qh5 Be8 1/2-1/2

[Event "Altensteig"]
[Site "Altensteig"]
[Date "1990.??.??"]
[Round "4"]
[White "Schlosser, Philipp"]
[Black "Stangl, Markus"]
[Result "1/2-1/2"]
[WhiteElo "2455"]
[BlackElo "2435"]
[Annotator "Ribli,Z"]
[PlyCount "25"]
[EventDate "1990.07.??"]
[EventType "tourn"]
[EventRounds "11"]
[EventCountry "GER"]
[EventCategory "9"]
[SourceTitle "CBM 020"]
[Source "ChessBase"]
[SourceDate "1991.02.01"]
[SourceVersion "1"]
[SourceVersionDate "1991.02.01"]
[SourceQuality "1"]

1. d4 d6 2. c4 g6 3. Nc3 Bg7 4. e4 Nc6 5. d5 Nd4 6. Be3 c5 7. Nge2 Qb6 8. Nxd4
cxd4 9. Na4 Qa5+ 10. b4 (10. Bd2 $5) 10... Qxb4+ 11. Bd2 Qa3 12. Bc1 Qb4+ 13.
Bd2 1/2-1/2

[Event "Dubai op 6th"]
[Site "Dubai"]
[Date "2004.04.20"]
[Round "2"]
[White "Vakhidov, Tahir"]
[Black "Nisipeanu, Liviu Dieter"]
[Result "0-1"]
[WhiteElo "2517"]
[BlackElo "2692"]
[Annotator "Ribli,Z"]
[PlyCount "84"]
[EventDate "2004.04.19"]
[EventType "swiss"]
[EventRounds "9"]
[EventCountry "UAE"]
[SourceTitle "CBM 101"]
[Source "ChessBase"]
[SourceDate "2004.07.27"]
[SourceVersion "1"]
[SourceVersionDate "2004.07.27"]
[SourceQuality "1"]

1. Nf3 g6 2. d4 Bg7 3. g3 d6 4. c4 Nd7 {Statt dieser Fortsetzung kann Schwarz
mit 4...Ngf6 die Königsindische Verteidigung wählen, aber der Textzug gefällt
mir, denn Schwarz kann seinen Königspringer nach e7-e5 durch Ne7 ins Spiel
bringen.} 5. Bg2 e5 6. Nc3 Ne7 7. O-O O-O 8. e4 exd4 9. Nxd4 Nc6 10. Nde2 (10.
Nxc6 bxc6 {[%csl Gc6,Gc7][%cal Gg7a1,Ga8b8,Gb8b2] In diesem Fall sidn die
schwarzen Doppelbauern gar nicht schlecht - Schwarz bekommt die halboffene
b-Linie und später mit eventuellem c6-c5 kann er das d4-Feld kontrollieren.}
11. Qc2 Ne5 12. b3 Qf6 13. Bb2 Nf3+ 14. Kh1 Bg4 15. Qd3 Rfe8 16. Nd1 $1 $11)
10... a5 11. h3 (11. b3 a4 12. Rb1 axb3 13. axb3 Nc5 $11) 11... Nc5 12. Be3 Re8
(12... a4 13. Qc2 Nb4 14. Qd2 Be6 15. Nd5 Nbd3 16. Bd4 c6 17. Bxg7 Kxg7 18.
Qc3+ f6 19. Ndf4 {1-0 Dobrov,V-Jurkovic,A/Nova Gorica SLO 2004/(47)}) (12...
Be6 13. b3 a4 14. Rc1 (14. Rb1 axb3 15. axb3 f5 16. Kh2 fxe4 17. Nxe4 Nxe4 18.
Bxe4 Bf5 19. Qd5+ Kh8 20. Bxf5 Rxf5 21. Qd2 {0-1 Georgiev,K-Azmaiparashvili,Z/
Groningen 1994/CBM 45 (74)}) 14... axb3 15. axb3 Ra3 16. Nb5 Ra2 17. Nf4 Bd7
18. Nd5 Ne6 19. f4 f5 20. exf5 Rxf5 21. g4 Rf7 22. g5 {1-0 Seres,L-Resika,N/
Budapest 2001/CBM 81 ext (41)}) 13. f4 {Dieser optimistischer Zug schwächt die
weiße Zentrumsstellung. Es wäre sicherer zuerst mit neutralen Wartezügen die
Stellung zu verstärken und nur später eventuell f2-f4 zu ziehen.} (13. b3 f5
14. exf5 Bxf5 15. Qd2 Qf6 16. Rad1 Qf7 17. Nf4 Kh8 18. g4 Be6 19. Nb5 Rad8 20.
Nd4 {1/2-1/2 Guindy,E-Paasikangas Tella,J/Stockholm 1998/EXT 99 (57)}) (13. Rb1
$5) 13... Be6 14. b3 Nxe4 {Schwarz opfert zeitweilig eine Figur und bekommt
eine starke Initiative. Aber ich bin gar nicht sicher, ob dieses Opfer Schwarz
bessere Chancen bietet.} 15. Bxe4 (15. Nxe4 Bxh3 16. Bxh3 Rxe4 $19 {[%cal
Rg7a1,Re4e2] Es hängen der a1R, der e3B und Schwarz kann nachfolgend auch mit
17...Qe7 fortsetzen.}) 15... Bf5 $5 {[%mdl 4] Diese Fortsetzung scheint mir
besser als die Alternative 15...Bxh3. Nach dem Textzug hat Weiß konkrete
Probleme.} (15... Bxh3 16. Qd2 Bxf1 17. Rxf1 f5 18. Bf3 Qd7 19. Bf2 Rad8 20.
Nd5 b6 21. Nec3 Ne7 {0-1 Anastasian,A-Vladimirov,E/Dubai 2000/EXT 2001 (38)})
16. Bxf5 (16. Qd3 $2 Bxe4 17. Nxe4 Nb4 18. Qb1 Bxa1 $19) (16. Bxc6 Rxe3 17. Rf3
Rxc3 (17... Bxc3 18. Nxc3 Rxc3 19. Rxc3 bxc6 20. g4 $16) (17... Rxe2 18. Qxe2
bxc6 $44) 18. Nxc3 bxc6 $44) 16... Rxe3 17. Nd5 Rxe2 18. Qxe2 Nd4 $5 (18...
Bxa1 19. Rxa1 Nd4 20. Qb2 Nxf5 21. Re1 $36) 19. Qd3 $6 (19. Qf2 $1 Nxf5 20.
Rad1 c6 21. Nb6 $1 (21. Ne3 Bd4 22. Rxd4 Nxd4 23. Rd1 Ne6 $15) (21. g4 Bd4 22.
Rxd4 Nxd4 23. Qxd4 cxd5 24. Qxd5 Qb6+ 25. Rf2 a4 $13) 21... Nxg3 22. Nxa8 Nxf1
23. Kxf1 Qxa8 24. Rxd6 $14) 19... Nxf5 $44 {Schwarz hat einen Bauern für die
Qualität und sein g7B steht besonders aktiv.} 20. g4 $6 {Weiß gibt die
Qualität zurück und möchte die Stellung vereinfachen.} (20. Rae1 c6 $44) 20...
Bxa1 21. Rxa1 c6 (21... Ng7 22. g5 $44) 22. gxf5 cxd5 23. fxg6 hxg6 24. Qxd5
Qb6+ 25. Kg2 Re8 $36 {[%csl Gb6,Ge8,Rg2][%cal Ge8e1] Die Stellung ist
materiell gleich, aber Schwarz hat die Initiative, die weiße Königsstellung
ist angreifbar.} 26. Qd2 Qc6+ 27. Kg3 (27. Kf2 b5 $15) 27... Qe4 (27... b5 $11)
28. Rf1 (28. Kf2 Qf5 $15) 28... Re6 {Schwarz beschäftigt sich nicht mit dem
a5-Bauern.} 29. Qxa5 Qd3+ 30. Rf3 Qd4 {[%cal Gd4g1,Gg1g3]} 31. Rf2 Re3+ 32. Kh2
$2 {[%mdl 8192]} (32. Rf3 $142 $11) 32... Rxb3 $1 $17 33. axb3 $6 (33. Kg2 Rxh3
34. Kxh3 Qxf2 35. Qd8+ Kh7 36. Qxd6 $17) 33... Qxf2+ 34. Kh1 Qf1+ 35. Kh2 Qxf4+
36. Kg2 Qe4+ 37. Kf2 Qc2+ 38. Kg1 Qxb3 $19 {Schwarz hat zwei Bauern mehr im
Damenendspiel und steht auf Gewinn.} 39. Qd8+ Kg7 40. Qxd6 Qxc4 41. Qe5+ Kh7
42. Qa5 Qd4+ 0-1